000 00764nam a22001937a 4500
003 BD-DhUL
005 20170517173636.0
008 160127s1973 bg |||| |||| 00| 0 ben d
020 _a9844060737
040 _aBD-DhUL
_cBD-DhUL
082 _a954.92
_bMOS
100 1 _aমোহাম্মদ, শাহ্জাহান বিন্
245 0 0 _aশেখ মুজিব ও বাংলাদেশ /
_cশাহ্জাহান বিন্ মোহাম্মদ
_b
260 _aঢাকা :
_bপ্রভিন্সিয়াল বুক,
_c১৯৭৩।
300 _a৭৫৬ পৃ. ;
_c২১ সেমি।
_b
651 0 _aবাংলাদেশ
_xইতিহাস।
651 0 _aBangladesh
_xHistory
942 _2ddc
_cBK
999 _c198961
_d198961